00323nam a22001217a 4500003000400000005001700004008004100021020001800062040000800080100001500088245006000103260003800163OSt20200123110601.0200123b xxu||||| |||| 00| 0 eng d a9788120807626 cN/A aR.C Prasad aSri RamacaritamanasabThe holy lake of the acts of Rama aDelhibMotilal Banarsidass c2018